Magyar Szabadságharcz Története 1848-1849-ben

Podrobná bibliografia
Hlavný autor: Vargyas, Endre (Autor)
Médium: Kniha
Jazyk:neznámy jazyk
Fyzický popis:758 s.
Vydavateľské údaje: Budapešť Kiadja Mehner Vilmos 1879

MARC

LEADER 00000nam a2200000 a 4500
001 vtls001284406
003 SK-MaSNL
005 20260301155328.0
008 240314s1879 xx 0 und
035 |a SNK000235900 
040 |a SNK  |b slo  |c SNK  |e AACR2 
041 0 |a und 
044 |a xx 
100 1 |a Vargyas, Endre  |4 aut  |9 293896 
245 1 0 |a Magyar Szabadságharcz Története 1848-1849-ben 
260 |a Budapešť  |b Kiadja Mehner Vilmos  |c 1879 
300 |a 758 s. 
958 |a ONDV 
999 |c 800499  |d 802429 
952 |t P60, <04>, [BOOK], {604}  |a SNK  |b SNK  |y VYP  |7 0  |p 17A0101589  |o snkIB 6677  |0 0  |1 0  |4 0  |d 1997-04-23  |l 0  |r 2005-01-02 00:00:00  |w 2026-02-24 
952 |t P60, <04>, [BOOK], {604}  |a SNK  |b SNK  |y VYP  |7 0  |p 17A0068452  |o snkIB 6677 D1  |0 0  |1 1  |4 0  |d 1997-05-27  |l 0  |r 2005-01-02 00:00:00  |w 2026-02-24